| 000 | 00574cam a22002291 4500 | ||
|---|---|---|---|
| 001 | sa 67003248 | ||
| 003 | DLC | ||
| 005 | 20260227112337.0 | ||
| 008 | 890114s1964 xx 000 0 hino | ||
| 010 | _asa 67003248 | ||
| 035 | _a(OCoLC)23556676 | ||
| 040 |
_aDLC _cMiU _dDLC |
||
| 042 | _apremarc | ||
| 043 | _aa-ii--- | ||
| 050 | 0 | 0 |
_aHV7911.T48 _bA3 |
| 100 | 1 |
_aThakur, Tukaram Yeshwant, _d1880- |
|
| 245 | 1 | 0 | _aEkā polīsāce ātmavṛtta. |
| 260 | _c[1964] | ||
| 300 |
_a97 p. _bports. _c19 cm. |
||
| 500 | _aRomanized. | ||
| 650 | 0 |
_aPolice _zIndia _zMaharashtra |
|
| 999 |
_c73735 _d73735 |
||